Tratado de economía marxista.

保存先:
書誌詳細
第一著者: Mandel, Ernest (autor)
その他の著者: Díez del Corral, Francisco, tr (autor) tr, (autor)
フォーマット: 図書
言語:スペイン語
版:3a edición
主題:
タグ: タグ追加
タグなし, このレコードへの初めてのタグを付けませんか!

MARC

LEADER 00000cam^a2200000uu^4500
001 000467831
005 20250521000000.0
008 050901s1972^^^^^^^^^^^^rd^r^^000^0^spa^d
009 20260310124457.034
035 |a FCE 000010561 
035 |a FCE 030887 
037 |a Acervo ITESO - Biblioteca 
041 |a spa 
082 0 4 |a 335.412  |b MANt t.2 
100 |a Mandel, Ernest  |e (autor) 
245 1 0 |a Tratado de economía marxista. 
250 |a 3a edición 
264 |a México :  |b Era,  |c 1972. 
300 |a 423 p. 
336 |a texto  |b txt  |2 rdacontenido 
337 |a sin mediación  |b n  |2 rdamedio 
338 |a volumen  |b nc  |2 rdasoporte 
596 |a Traducción de: traite d'Économie marxiste 
649 |a XX 
650 |a Capitalismo 
650 |a Marxismo 
650 |a Política económica 
650 |a Teoría económica 
700 |a Díez del Corral, Francisco,  |e tr  |e (autor) 
910 |a Fondo Centro de Estudios Educativos 
920 |a Impresos - Libros 
930 |a Fondos Especiales 
905 |a 133 
901 |a ALE030887  |b IT2  |c CEE  |u 20250521 
902 |a https://opac.biblio.iteso.mx/vufind/Record/000467831